[Event "St Petersburg-ch (Women)"]
[Site "St Petersburg"]
[Date "2011.02.16"]
[Round "6"]
[White "Andreeva, Yuliya"]
[Black "Balaian, Alina"]
[Result "0-1"]
[WhiteElo "1950"]
[BlackElo "2147"]
[PlyCount "102"]
[EventDate "2011.02.11"]
[EventType "swiss"]
[EventRounds "7"]
[EventCountry "RUS"]
[SourceTitle "CBM 141 Extra"]
[Source "ChessBase"]
[SourceDate "2011.05.03"]
[SourceVersion "1"]
[SourceVersionDate "2011.05.03"]
[SourceQuality "1"]

1. Nf3 Nf6 2. c4 g6 3. g3 Bg7 4. Bg2 d6 5. 0-0 0-0 6. Nc3 Nbd7 7. Rb1 e5 8. d3 Nh5 9. b4 f5 10. Bg5 Ndf6 11. Qb3 h6 12. Bd2 g5 13. c5+ Kh8 14. cxd6 cxd6 15. Rbc1 Qe8 16. b5 Be6 17. Qa3 Qd7 18. Qb4 f4 19. Ne4 Nxe4 20. dxe4 Rad8 21. Rfd1 Bh3 22. b6 Bxg2 23. Kxg2 axb6 24. Qxb6 g4 25. Nh4 f3+ 26. Kg1 fxe2 27. Re1 Rf7 28. Rxe2 Nf6 29. Rd1 Rc8 30. Bb4 Rc6 31. Qe3 Rc4 32. Ng6+ Kh7 33. Nxe5 Qa4 34. Nxc4 Qxd1+ 35. Re1 Qa4 36. Nxd6 Re7 37. Qd2 Nd7 38. Nxb7 Ne5 39. Nc5 Nf3+ 40. Kh1 Qb5 41. a4 Qc4 42. Qd3 Qxb4 43. e5+ Kg8 44. Qd5+ Rf7 45. Rd1 Nxe5 46. Qd8+ Kh7 47. Qd4 Qxd4 48. Rxd4 Rxf2 49. Ne4 Rxh2+ 50. Kxh2 Nf3+ 51. Kg2 Nxd4 0-1

[Event "St Petersburg-ch (Women)"]
[Site "St Petersburg"]
[Date "2011.02.11"]
[Round "1"]
[White "Andreeva, Yuliya"]
[Black "Butuc, Maria"]
[Result "1/2-1/2"]
[WhiteElo "1950"]
[BlackElo "2188"]
[PlyCount "71"]
[EventDate "2011.02.11"]
[EventType "swiss"]
[EventRounds "7"]
[EventCountry "RUS"]
[SourceTitle "CBM 141 Extra"]
[Source "ChessBase"]
[SourceDate "2011.05.03"]
[SourceVersion "1"]
[SourceVersionDate "2011.05.03"]
[SourceQuality "1"]

1. e4 e6 2. d4 d5 3. e5 c5 4. c3 Qb6 5. Nf3 Bd7 6. Qb3 Qxb3 7. axb3 f6 8. Be3 cxd4 9. Bxd4 Nc6 10. exf6 Nxf6 11. Bb5 Nxd4 12. Nxd4 Bd6 13. 0-0 Bxb5 14. Nxb5 Bb8 15. f3 Kf7 16. Nd2 Bf4 17. Rfd1 a6 18. Na3 Be3+ 19. Kf1 Rac8 20. Ke2 Bf4 21. g3 Bb8 22. Nc2 h5 23. f4 e5 24. fxe5 Bxe5 25. Nf3 Bb8 26. Nb4 Rhe8+ 27. Kd2 Ba7 28. Re1 Bb8 29. Kd3 Bd6 30. Nc2 Ng4 31. Rf1 Nf6 32. Ne3 g6 33. Ra5 Rc5 34. Ra4 Kg7 35. Rfa1 Rc7 36. Re1 1/2-1/2

[Event "St Petersburg Autumn op"]
[Site "St Petersburg"]
[Date "2010.10.22"]
[Round "7"]
[White "Pshenichny, Vladimir"]
[Black "Andreeva, Yuliya"]
[Result "1/2-1/2"]
[WhiteElo "2013"]
[BlackElo "1871"]
[PlyCount "64"]
[EventDate "2010.10.16"]
[EventType "swiss"]
[EventRounds "9"]
[EventCountry "RUS"]
[SourceTitle "EXT 2011"]
[Source "ChessBase"]
[SourceDate "2010.11.26"]
[SourceVersion "1"]
[SourceVersionDate "2010.11.26"]
[SourceQuality "1"]

1. c4 c6 2. d4 d5 3. Nc3 e6 4. e3 Nf6 5. Nf3 Bd6 6. Bd3 0-0 7. 0-0 Nbd7 8. e4 dxe4 9. Nxe4 Nxe4 10. Bxe4 e5 11. dxe5 Nxe5 12. Nxe5 Bxe5 13. Bxh7+ Kxh7 14. Qh5+ Kg8 15. Qxe5 Re8 16. Qc3 Bf5 17. Be3 Qd6 18. Rad1 Qg6 19. Bd4 b6 20. Rfe1 Rad8 21. Rxe8+ Rxe8 22. Qg3 Qxg3 23. hxg3 Rd8 24. Rd2 c5 25. Bc3 Rxd2 26. Bxd2 Bb1 27. a3 Ba2 28. b4 cxb4 29. axb4 Bxc4 30. g4 g6 31. f4 Be6 32. g5 Kf8 1/2-1/2

[Event "St Petersburg Autumn op"]
[Site "St Petersburg"]
[Date "2010.10.21"]
[Round "6"]
[White "Andreeva, Yuliya"]
[Black "Pukhovskaya, Irina"]
[Result "1-0"]
[WhiteElo "1871"]
[BlackElo "1756"]
[PlyCount "61"]
[EventDate "2010.10.16"]
[EventType "swiss"]
[EventRounds "9"]
[EventCountry "RUS"]
[SourceTitle "EXT 2011"]
[Source "ChessBase"]
[SourceDate "2010.11.26"]
[SourceVersion "1"]
[SourceVersionDate "2010.11.26"]
[SourceQuality "1"]

1. d4 Nf6 2. c4 c5 3. d5 b5 4. Nf3 bxc4 5. Nc3 g6 6. e4 d6 7. Bxc4 Bg7 8. 0-0 0-0 9. Qc2 Nbd7 10. Re1 Ng4 11. Bf1 Nge5 12. Nd2 Nb6 13. f4 Ned7 14. a4 a5 15. Nb5 Ba6 16. Ra3 Nc8 17. Nc4 Na7 18. Nxa7 Rxa7 19. Bd2 Bxc4 20. Bxc4 Nb8 21. Rh3 Qb6 22. b3 Na6 23. Qd3 Rb8 24. Qg3 Qd8 25. f5 Be5 26. Qh4 h5 27. fxg6 fxg6 28. Qg5 Kh7 29. Qh6+ Kg8 30. Qxg6+ Kf8 31. Bh6+ 1-0

[Event "St Petersburg Autumn op"]
[Site "St Petersburg"]
[Date "2010.10.20"]
[Round "5"]
[White "Letova, Tatiana"]
[Black "Andreeva, Yuliya"]
[Result "0-1"]
[WhiteElo "1561"]
[BlackElo "1871"]
[PlyCount "110"]
[EventDate "2010.10.16"]
[EventType "swiss"]
[EventRounds "9"]
[EventCountry "RUS"]
[SourceTitle "EXT 2011"]
[Source "ChessBase"]
[SourceDate "2010.11.26"]
[SourceVersion "1"]
[SourceVersionDate "2010.11.26"]
[SourceQuality "1"]

1. e4 c5 2. Nf3 d6 3. d4 cxd4 4. Nxd4 Nf6 5. Nc3 a6 6. Be2 e6 7. 0-0 Be7 8. f4 0-0 9. Qe1 Qc7 10. Qg3 Kh8 11. Be3 b5 12. a3 Nbd7 13. Nb3 Bb7 14. Bf3 Nb6 15. e5 Nfd5 16. Nxd5 Nxd5 17. Bxd5 Bxd5 18. Nd4 Rac8 19. c3 Rb8 20. Rac1 Bc4 21. Rfd1 Rfd8 22. Nf3 f6 23. Bd4 dxe5 24. fxe5 f5 25. Ng5 Kg8 26. Nh3 Bc5 27. Qe3 Bb3 28. Rd3 Bc4 29. Rdd1 Bxd4 30. Rxd4 Rxd4 31. cxd4 Qd7 32. Nf4 Rd8 33. Rd1 Bd5 34. Nd3 Qc6 35. Nb4 Qb7 36. Nxd5 Qxd5 37. Kf2 Rc8 38. Rd2 Rc4 39. h3 h6 40. h4 Qd8 41. g3 Qd5 42. Qf4 Rc1 43. Re2 Rd1 44. Rd2 Rc1 45. Re2 Qh1 46. Ke3 Rf1 47. Rf2 Qg1 48. Qf3 Re1+ 49. Kd2 Re4 50. Kd3 Rg4 51. Rg2 Qxd4+ 52. Kc2 Qxe5 53. Qa8+ Kh7 54. Qf3 Re4 55. Qd3 Re3 0-1

[Event "St Petersburg Autumn op"]
[Site "St Petersburg"]
[Date "2010.10.17"]
[Round "2"]
[White "Andreeva, Yuliya"]
[Black "Korchagina, Victoria"]
[Result "0-1"]
[WhiteElo "1871"]
[BlackElo "2158"]
[PlyCount "66"]
[EventDate "2010.10.16"]
[EventType "swiss"]
[EventRounds "9"]
[EventCountry "RUS"]
[SourceTitle "EXT 2011"]
[Source "ChessBase"]
[SourceDate "2010.11.26"]
[SourceVersion "1"]
[SourceVersionDate "2010.11.26"]
[SourceQuality "1"]

1. d4 Nf6 2. c4 g6 3. Nc3 d5 4. e3 Bg7 5. Nf3 0-0 6. b3 c5 7. Bb2 Nc6 8. dxc5 Qa5 9. Nd2 Rd8 10. a3 Qxc5 11. b4 Qd6 12. c5 Qd7 13. Bb5 a6 14. Ba4 d4 15. exd4 Qxd4 16. Nf3 Qg4 17. Qe2 Qxg2 18. Rg1 Qh3 19. Bxc6 bxc6 20. Na4 Bg4 21. Rg3 Qh5 22. Nb6 Rab8 23. Be5 Nd5 24. Nxd5 Rxd5 25. Bxg7 Kxg7 26. Kf1 e5 27. Kg2 Bxf3+ 28. Qxf3 Qxf3+ 29. Rxf3 a5 30. Rb3 Rxc5 31. bxc5 Rxb3 32. Re1 Rxa3 33. Rxe5 Rc3 0-1

[Event "Voronezh op-B 14th"]
[Site "Voronezh"]
[Date "2010.06.21"]
[Round "9"]
[White "Smagin, Nikita"]
[Black "Andreeva, Yuliya"]
[Result "1-0"]
[WhiteElo "1971"]
[BlackElo "1846"]
[PlyCount "91"]
[EventDate "2010.06.12"]
[EventType "swiss"]
[EventRounds "9"]
[EventCountry "RUS"]
[SourceTitle "CBM 137 Extra"]
[Source "ChessBase"]
[SourceDate "2010.09.01"]
[SourceVersion "1"]
[SourceVersionDate "2010.09.01"]
[SourceQuality "1"]

1. d4 d5 2. c4 c6 3. Nf3 e6 4. g3 dxc4 5. Bg2 Bb4+ 6. Bd2 c5 7. Bxb4 cxb4 8. 0-0 Nc6 9. Nbd2 c3 10. bxc3 bxc3 11. Nc4 Nf6 12. Nfe5 0-0 13. Nxc6 bxc6 14. Rc1 Nd5 15. e4 Nb6 16. Ne5 Ba6 17. Re1 Qd6 18. Rxc3 Rac8 19. Qc1 Bb5 20. Nf3 Na4 21. Rc2 c5 22. e5 Qb6 23. dxc5 Nxc5 24. Qe3 Na4 25. Qxb6 Nxb6 26. Rec1 Bc4 27. a3 Bd5 28. Rxc8 Nxc8 29. Nd4 Nb6 30. Bxd5 exd5 31. Rc7 Nc4 32. Rxa7 Nxe5 33. f4 Nc4 34. a4 Re8 35. a5 g6 36. a6 Re4 37. Nc6 d4 38. Ra8+ Kg7 39. a7 Re1+ 40. Kf2 Ra1 41. Rb8 Ra2+ 42. Kf3 Rxh2 43. Nxd4 Nd2+ 44. Ke3 Nf1+ 45. Kd3 Rd2+ 46. Kc3 1-0

[Event "Voronezh op-B 14th"]
[Site "Voronezh"]
[Date "2010.06.18"]
[Round "6"]
[White "Andreeva, Yuliya"]
[Black "Golovchanov, Artiom"]
[Result "0-1"]
[WhiteElo "1846"]
[BlackElo "2061"]
[PlyCount "54"]
[EventDate "2010.06.12"]
[EventType "swiss"]
[EventRounds "9"]
[EventCountry "RUS"]
[SourceTitle "CBM 137 Extra"]
[Source "ChessBase"]
[SourceDate "2010.09.01"]
[SourceVersion "1"]
[SourceVersionDate "2010.09.01"]
[SourceQuality "1"]

1. d4 Nf6 2. c4 g6 3. Nc3 Bg7 4. e4 0-0 5. f3 d6 6. Be3 Nc6 7. Nge2 a6 8. Qd2 Rb8 9. Nc1 e5 10. d5 Nd4 11. Bxd4 exd4 12. N3e2 c5 13. dxc6 bxc6 14. Nxd4 Qb6 15. Ncb3 Nd7 16. 0-0-0 Nc5 17. Nxc5 Bh6 18. Na4 Bxd2+ 19. Rxd2 Qc7 20. Bd3 Be6 21. Nxe6 fxe6 22. c5 Qa5 23. b3 Rb4 24. cxd6 Rxa4 25. bxa4 Qc3+ 26. Kd1 Qa1+ 27. Ke2 Qxh1 0-1